LEADER 00736nam a2200181 i 4500 001 000000056050 003 CaOOAMICUS 005 19970722000000.0 008 970722n xx u000 u fre u 013 $a27222 040 $aSeMil$bita 100 1 $aSalazar, José.$0(OLS)http://semarc/name/26812 245 13$aLa recepcion de las leyes canonicas en la ordenacion Romano-Bizantina. 650 4$aDiritto canonico - Studi.$0(OLS)http://semarc/subject/1680 650 4$aTesi di laurea.$0(OLS)http://semarc/subject/1690 850 $aSeMil 852 $aSeMil$W1$xVenegono$y1$m2I IV 117$j22204$B22204$CSeMilBibl$Z2$F22206 $81 996 $6245$aLa recepcion de las leyes canonicas en la ordenacion Romano-Bizantina$9(OLS)http://semarc/title/87055 LEADER 01082nam a2200265 i 4500 001 000000126898 003 CaOOAMICUS 005 20070319000000.0 008 070319s1994 it u000 u ita u 013 $a99606 020 $a88-384-2184-6 040 $aSeMil$bita 245 10$aFede e sport :$bfondamenti, contesti, proposte pastorali /$cA cura di Carlo Mazza. 260 $aCasale Monferrato (AL) :$bPiemme,$c1994. 300 $a239 p. ;$c21 cm. 500 $aFondo Card. C.M. Martini. 650 4$aSport - Morale cristiana.$0(OLS)http://semarc/subject/24849 700 1 $aMazza, Carlo,$c.$0(OLS)http://semarc/name/46769 850 $aSeMil 852 $aSeMil$W1$xVenegono$y1$m2F III 605$j81242$B81242$CSeMilBibl$Z2$F122350 $81 941 1 $a4 961 $aOmaggio: Martini Card. Carlo Maria 996 $6020$a88-384-2184-6$9(OLS)http://semarc/number/113181 996 $6245$aFede e sport :$bfondamenti, contesti, proposte pastorali$9(OLS)http://semarc/title/187186 996 $6260$aCasale Monferrato (AL) :$bPiemme$9(OLS)http://semarc/publisher/30052